000 01804cam a2200313 i 4500
001 17200228
003 EG-ScBUE
005 20260106095958.0
008 120306t2013 njua f b 001 0 eng d
020 _a9780471692140 (cloth)
040 _aEG-ScBUE
_beng
_erda
_cEG-ScBUE
_dEG-ScBUE
082 0 4 _a502.82
_222
_bMUR
100 1 _aMurphy, Douglas B.,
_eauthor.
_933221
245 1 0 _aFundamentals of light microscopy and electronic imaging /
_cDouglas B. Murphy, Michael W. Davidson.
250 _aSecond edition.
264 1 _aHoboken, N.J. :
_bWiley-Blackwell,
_c[2013]
264 4 _cc2013
300 _axiii, 538 pages :
_billustrations (chiefly color) ;
_c27 cm
336 _2rdacontent
_atext
_btxt
337 _aunmediated
_2rdamedia
_bn
338 _avolume
_bnc
_2rdacarrier
504 _aIncludes bibliographical references and index.
505 0 _aFundamentals of light microscopy -- Light and color -- Illuminators, filters, and the isolation of specific wavelengths -- Lenses and geometrical optics -- Diffraction and interference in image formation -- Diffraction and spatial resolution -- Phase contrast microscopy and darkfield microscopy -- Properties of polarized light -- Polarization microscopy -- Differential interference contrast (DIC) microscopy and modulation contrast microscopy -- Fluorescence microscopy -- Fluorescence imaging of dynamic molecular processes -- Confocal laser scanning microscopy -- Two-photon excitation fluorescence microscopy -- Superresolution imaging -- Imaging living cells with the microscope -- Fundamentals of digital imaging -- Digital imaging processing.
650 7 _aMicroscopy.
_2BUEsh
_933222
653 _cMay2013
655 _vReading book
700 1 _aDavidson, Michael W.
_q(Michael Wesley),
_d1950-
_eauthor.
_933225
942 _2ddc
_cBB
999 _c17475
_d17447